quizz sur koh lanta - Statistiques

Statistiques générales
  • Ce quiz a été pris 163 fois
  • Le résultat moyen est 8 sur 15
Statistiques - réponses
Question Réponse % Correct
quel fût le 1er candidat à utiliser un collier d'immunité menant à l'élimination d'un autre candidat? patricia(rajat ampat)
74%
quelle candidat participant à 3 saisons différentes fut éliminé 2 fois et dû abandonner 2 fois ? sara
74%
quels aventuriers ont dû permuter d'équipe en saison 2? jacky et bernard
63%
dans la guerre des chef, qui remporte l'épreuve d'immunité lord des duos? maud et cyril
63%
combien d'abandon y'a t-il eu dans koh lanta saison 3? 6
58%
qui détient le record de duré sur les poteaux? amel ( nicoya)
58%
dans quelle saison le tournage fut menacé par un cyclone? vanuatu
58%
lors de l épreuve de dégustation dans koh lanta saison 4, deux aventuriers furent exemptés du jeu car ils étaient végétariens. qui sont-ils? videli et amélie
58%
dans koh lanta les armes sécrètes, quel aventurier fut éliminé aux portes de la finale malgré le serment du petit doigt fait avec d'autres candidats ? ( mdr) magali
47%
dans koh lanta 3, quel candidat fût banni temporairement à la suite d' un conseil et non éliminé? tony
47%
combien de jours à duré la première saison? 43
42%
dans la saison 2 quel aventurier fut contraint à l'abandon au début de l'aventure? xavier
42%
combien de boules noires consécutives Stéphanie a t-elle tiré dans le totem maudit? 5
37%
dans les aventuriers de koh lanta , quelle candidate à été mordue par un rat? françoise
32%
quelle équipe à cumulé le plus de défaites ( conforts + immunités cumulées)? vang (vietnam)
26%
Aucun quiz correspondant
Distribution des résultats
% des personnes avec chaque résultat
Percentile par nombre de réponses
Votre historique - résultats
Vous n’avez pas pris ce quiz